| 000 | 00426nam a22001457a 4500 | ||
|---|---|---|---|
| 999 |
_c529913 _d529913 |
||
| 003 | NUST | ||
| 005 | 20191007152714.0 | ||
| 038 | _aNusrat Nadeem | ||
| 082 | _a004.12 | ||
| 100 |
_aSultan Saad Shahzad _922936 |
||
| 245 |
_aMS/Thesis: Nonlinear Flight Dynamics of Blunt Body Entry Vehicles Using _cSaad Shahzad Sultan |
||
| 260 |
_aIslamabad _bRCMS NUST _c2015 |
||
| 700 | _4Dr.Adnan Maqsood (Supervisor) | ||
| 942 |
_2ddc _cTHE |
||